000
00285nam a22001457a 4500
003
SGT
020
_a
658.8
082
_a
LOV
100
_a
LOVELOCK, CHRISOPHER
245
_a
SERVICES MARKETING
250
_a
8TH
260
_a
PEARSON INDIA
_c
2017
300
_a
817
942
_2
ddc
_c
BK
999
_c
14251
_d
14251